أسرار مواقف وقرارات الملك حسين : (Record no. 14439)
[ view plain ]
| 000 -الفاتح | |
|---|---|
| حقل البيانات ثابتة الطول | 01250nam a2200289 i 4500 |
| 003 - محدد رقم الضبط | |
| رقم الضبط | EG-ScBUE |
| 005 - وقت وتاريخ اخر تعامل مع التسجيلة | |
| رقم الضبط | 20231214103632.0 |
| 008 - عناصر البيانات ثابتة الطول - معلومات عامة | |
| حقل البيانات ثابتة الطول | 100708s1999 ua f b 000 0bara d |
| 020 ## - الرقم الدولى المعيارى للكتب | |
| الرقم الدولى المعيارى للكتاب | 97755159509 |
| 040 ## - مصدر الفهرسة | |
| وكالة الفهرسة الأصلية | EG-ScBUE |
| لغة الفهرسة | ara |
| قواعد الوصف | rda |
| وكالة النسخ | EG-ScBUE |
| وكالة التعديل | EG-ScBUE |
| 082 04 - رقم تصنيف ديوى العشرى | |
| رقم الطبعة | 22 |
| رقم التصنيف | 956.95043 |
| رقم المادة | م ح م |
| 100 1# - المدخل الرئيسى - إسم شخصى | |
| 9 (RLIN) | 16082 |
| الإسم الشخصى | محمود، عبد المنعم حمزة، |
| التواريخ المصاحبة للاسم | 1950- |
| الدور | مؤلف. |
| 245 10 - بيان العنوان | |
| العنوان | أسرار مواقف وقرارات الملك حسين : |
| بقية العنوان | ما بين مؤيد ومعارض / |
| بيان المسئوليه,etc | عبد المنعم حمزة محمود. |
| 264 #1 - النشر، التوزيع | |
| مكان الناشر او الموزع | القاهرة : |
| اسم الناشر او الموزع | مطبعة نيوسافوي، |
| تاريخ النشر أو التوزيع | 1999. |
| 300 ## - الوصف المادى | |
| التعداد | 375 صفحة ؛ |
| أبعاد الوعاء | 22 سم |
| 336 ## - نوع المحتوى | |
| source | rdacontent |
| Carrier Type Term | نص |
| Content Type Code | txt |
| 337 ## - نوع الوسيط | |
| Media Type Term | بدون وسيط |
| source | rdamedia |
| Media Type Code | n |
| 338 ## - نوع الحامل أو الناقل | |
| Carrier Type Term | مجلد |
| Carrier Type Code | nc |
| source | rdacarrier |
| 504 ## - تبصرة ببليوجرافية | |
| تبصرة ببليوجرافية,الخ | يشتمل على إرجاعات ببليوجرافية. |
| 541 ## - تبصرة المصدر المباشر للتزويد | |
| مصدر التزويد | الف باء ؛ |
| طريقة التزويد | شراء ؛ |
| 600 17 - المدخل الاضافى بالموضوع-اسم شخصى | |
| 9 (RLIN) | 16335 |
| الإسم الشخصى | الحسين بن طلال بن عبد الله |
| العنوان والكلمات الأخرى المصاحبة للاسم | ملك الأردن |
| التواريخ المصاحبة للاسم | 1935-1999. |
| مصدر الرأس أو المصطلح | BUEsh |
| 651 #7 - المدخل الاضافى بالموضوع - اسم جغرافى | |
| 9 (RLIN) | 16334 |
| الاسم الجغرافي | الأردن |
| التقسيم الفرعي العام | أحوال سياسية |
| التقسيم الفرعي الزمني | العصر الحديث. |
| مصدر الرأس أو المصطلح | BUEsh |
| 651 #7 - المدخل الاضافى بالموضوع - اسم جغرافى | |
| 9 (RLIN) | 16336 |
| الاسم الجغرافي | الأردن |
| التقسيم الفرعي العام | ملوك وحكام |
| التقسيم الفرعي الشكلي | تراجم. |
| مصدر الرأس أو المصطلح | BUEsh |
| 653 ## - مصطلح تكشيفى غير مقيد | |
| Arrived date list | April2012 |
| 655 ## - مصطلح تكشيفى-نوع/شكل | |
| التقسيم الفرعي الشكلي | Reading book |
| 942 ## - عناصر المدخل الإضافي( كوها) | |
| مصدر التصنيف او مخطط الترفيف | Dewey Decimal Classification |
| Koha [default] item type | Book - Borrowing |
| حالة التراجع | حالة الفقد | مصدر التصنيف او خطة الترفيف | حالة تلف | ليس للاعارة | مجموعات كوها | المكان الدائم | المكان الحالي | موقع الترفيف | تاريخ الاكتساب | Source of acquisition | رقم الاستدعاء | الباركود | Date last seen | نوع الوعاء |
|---|---|---|---|---|---|---|---|---|---|---|---|---|---|---|
| Dewey Decimal Classification | Alef-Baa | Central Library | Central Library | Second Floor | 08/07/2010 | Purchase | 956.95043 م ح م | 000025033 | 15/07/2025 | Book - Borrowing | ||||
| Dewey Decimal Classification | Alef-Baa | Central Library | Central Library | Second Floor | 18/04/2012 | Purchase | 956.95043 م ح م | 000026606 | 15/07/2025 | Book - Borrowing |